| 000 | 00696nam a22002177a 4500 | ||
|---|---|---|---|
| 005 | 20140926102749.0 | ||
| 010 | _aENG-110952 | ||
| 020 |
_a9780198092063 _c995.00 |
||
| 020 |
_a0198092067 _c995.00 |
||
| 035 | _aEN-94484 | ||
| 037 | _bDBAD/PUB | ||
| 082 | _a305.6971054 | ||
| 245 |
_aBeing Muslim in South Asia : _cedited by Robin Jeffrey [and] Ronojoy Sen _bdiversity and daily life / |
||
| 260 |
_aNew Delhi _bOxford University Press _c2014 |
||
| 270 |
_aYMCA Library Building, 1 Jai Singh _bNew Delhi _e110020 |
||
| 300 |
_axxx,370p. _c22cm(Hb) |
||
| 500 | _aIncludes index | ||
| 700 | _aJeffrey, Robin | ||
| 700 | _aSen, Ronojoy | ||
| 942 |
_2ddc _cEN _mMUS _h305.6971054 |
||
| 999 |
_c88978 _d88978 |
||